Municípios da Região Metropolitana do Vale do Rio Cuiabá (MT) no mapa - Statistics

Estatísticas Gerais
  • Esse quiz foi jogado 63 vezes
  • A pontuação média é 7 de 13
Respostas no mapa
Respostas codificadas por cores de uma escala verde-vermelha no mapa do quiz de acordo com a % correta abaixo.
 
Estatísticas das Respostas
Município % Correto
Cuiabá
98%
Várzea Grande
87%
Chapada dos Guimarães
70%
Poconé
61%
Rosário Oeste
57%
Nobres
54%
Santo Antônio Leverger
54%
Acorizal
50%
Jangada
48%
Nossa Senhora do Livramento
46%
Barão de Melgaço
43%
Planalto da Serra
37%
Nova Brasilândia
26%
Nenhum quiz correspondente encontrado
Distribuição das Pontuações
Porcentagem de Pessoas com Cada Pontuação
Percentil de Números Respondidos
Sua Pontuação Histórica
Você não jogou esse quiz